000
00260nam a22001097a 4500
008
170112b xxu||||| |||| 00| 0 eng d
020
_a
9791585280598
041
_a
eng
080
_2
3RD
_a
618.2
245
_a
INTERPRETING LABORATORY DATA
_c
LEE, M
942
_2
udc
_c
BK
999
_c
2747
_d
2747